00515nam a2200205Ia 4500003000400000005001700004008004100021020001800062040000700080041000800087082001800095100003600113245003800149250000600187260003900193300001600232365001400248650003100262650001600293OSt20230607145317.0210423s2012 xx 000 0 und d a9781446200711 cAL aeng a361.3623 HEAW aHEALY (Karen);MULHOLLAND (Joan) aWriting skills for social workers a2 aNew DelhibSage Publicationsc2012 axii,212bPB b2102cINR aSocial Problems & Services aSocial Work